000 00294nam a2200145Ia 4500
008 090124s9999 xx 000 0 und d
082 _b107817
245 _a कणव
250 _a0
260 _c1960
300 _a420
630 _a कणव
730 _a कणव
942 _cBOOK
999 _c153908
_d153908